[Event "Mauricie op"]
[Site "Trois-Rivieres CAN"]
[Date "2004.03.20"]
[Round "3"]
[White "Arsenault, Nicolas"]
[Black "Masse, Hugues"]
[Result "0-1"]
[WhiteElo "2129"]
[BlackElo "2134"]
[PlyCount "58"]
[GameId "2160767911183571"]
[EventDate "2004.03.19"]
[EventType "swiss"]
[EventRounds "5"]
[EventCountry "CAN"]
[SourceTitle "EXT 2005"]
[Source "ChessBase"]
[SourceDate "2004.11.15"]
[SourceVersion "1"]
[SourceVersionDate "2004.11.15"]
[SourceQuality "1"]

1. e4 e5 2. Nf3 Nc6 3. Bb5 a6 4. Ba4 Nf6 5. O-O Nxe4 6. d4 b5 7. Bb3 d5 8. dxe5 Be6 9. Nbd2 Nc5 10. c3 Be7 11. Bc2 Bg4 12. Qe1 Ne6 13. h3 Bh5 14. Nh2 Bg6 15. Bxg6 fxg6 16. Nb3 O-O 17. f4 d4 18. Qe4 Qd7 19. Nf3 dxc3 20. bxc3 Rad8 21. Bd2 Qd5 22. Qxd5 Rxd5 23. Ne1 Na5 24. Nxa5 Rxd2 25. Nb3 Rd7 26. g3 c5 27. Nf3 c4 28. Nbd4 Bc5 29. Rfd1 Rfd8 0-1

[Event "Mauricie op"]
[Site "Trois-Rivieres CAN"]
[Date "2004.03.20"]
[Round "3"]
[White "Bolduc, Steve"]
[Black "Trottier, Yves"]
[Result "1/2-1/2"]
[WhiteElo "2353"]
[BlackElo "2062"]
[PlyCount "95"]
[GameId "2160767911183572"]
[EventDate "2004.03.19"]
[EventType "swiss"]
[EventRounds "5"]
[EventCountry "CAN"]

1. d4 d5 2. c4 e5 3. dxe5 d4 4. Nf3 Nc6 5. g3 Nge7 6. Nbd2 Ng6 7. Nb3 Ngxe5 8. Nxe5 Bb4+ 9. Bd2 Bxd2+ 10. Qxd2 Nxe5 11. Nxd4 Nxc4 12. Qc3 Nd6 13. Bg2 O-O 14. Rc1 c6 15. O-O Nf5 16. Nb3 Re8 17. Rfd1 Qb6 18. e4 Ne7 19. h3 Be6 20. Nc5 Ng6 21. Nxe6 Rxe6 22. Rd4 Ree8 23. Rcd1 Rad8 24. Qd2 Rxd4 25. Qxd4 Qxd4 26. Rxd4 Nf8 27. Bf1 Re7 28. f4 Rd7 29. Rxd7 Nxd7 30. Kf2 f6 31. Ke3 Kf8 32. b4 Ke7 33. h4 Kd6 34. Bh3 b6 35. a3 Nf8 36. Kd4 Ne6+ 37. Kc4 Nc7 38. a4 Ne8 39. Kd4 Nc7 40. Kc4 Na8 41. Bf5 h6 42. h5 Nc7 43. Kd4 Ne6+ 44. Bxe6 Kxe6 45. g4 Kd6 46. Kc4 Ke6 47. Kd4 Kd6 48. Kc4 1/2-1/2

[Event "Mauricie op"]
[Site "Trois-Rivieres CAN"]
[Date "2004.03.20"]
[Round "3"]
[White "Bouchard, Jean-Marc"]
[Black "Marchand, Bruno"]
[Result "1-0"]
[WhiteElo "1949"]
[BlackElo "1783"]
[PlyCount "81"]
[GameId "2160767911183573"]
[EventDate "2004.03.19"]
[EventType "swiss"]
[EventRounds "5"]
[EventCountry "CAN"]
[SourceTitle "EXT 2005"]
[Source "ChessBase"]
[SourceDate "2004.11.15"]
[SourceVersion "1"]
[SourceVersionDate "2004.11.15"]
[SourceQuality "1"]

1. Nf3 d5 2. g3 Nf6 3. Bg2 e6 4. O-O Be7 5. d4 Nbd7 6. c4 O-O 7. Nc3 c6 8. b3 b6 9. Bb2 Ba6 10. cxd5 cxd5 11. Re1 Rc8 12. Rc1 Bd6 13. Nd2 Qe7 14. e4 dxe4 15. Ndxe4 Bb4 16. Nd2 Rfe8 17. Ndb1 Nb8 18. a3 Bd6 19. b4 Qd7 20. Nd2 Bb7 21. Nde4 Be7 22. Qb3 Nd5 23. b5 Nxc3 24. Bxc3 Bd5 25. Qb2 Qb7 26. f3 Nd7 27. Rcd1 Rc7 28. Bb4 Bxe4 29. fxe4 Bxb4 30. Qxb4 Rc2 31. Rd2 Rec8 32. e5 Qc7 33. Bc6 Rxd2 34. Qxd2 Kf8 35. Rc1 Rd8 36. Be4 Qb8 37. Qc2 Nxe5 38. dxe5 Qxe5 39. Rd1 Rxd1+ 40. Qxd1 Qxb5 41. Qd6+ 1-0

[Event "Mauricie op"]
[Site "Trois-Rivieres CAN"]
[Date "2004.03.20"]
[Round "3"]
[White "Duclos, Alain"]
[Black "Servant, Michel"]
[Result "1-0"]
[WhiteElo "1755"]
[BlackElo "1646"]
[PlyCount "79"]
[GameId "2160767911183574"]
[EventDate "2004.03.19"]
[EventType "swiss"]
[EventRounds "5"]
[EventCountry "CAN"]
[SourceTitle "EXT 2005"]
[Source "ChessBase"]
[SourceDate "2004.11.15"]
[SourceVersion "1"]
[SourceVersionDate "2004.11.15"]
[SourceQuality "1"]

1. e4 c5 2. Nf3 e6 3. d4 cxd4 4. Nxd4 a6 5. Nc3 Qc7 6. Be3 b5 7. Bd3 Bb7 8. O-O Nf6 9. a3 Be7 10. f4 d6 11. Qe1 Ng4 12. Kh1 Nxe3 13. Qxe3 Nd7 14. f5 e5 15. Nde2 Nf6 16. Qf3 O-O 17. Rac1 Rfe8 18. Ng3 Qc6 19. Nh5 Nxh5 20. Qxh5 Qc5 21. Rf3 Bf6 22. Rh3 h6 23. Qg4 Bg5 24. Rf1 b4 25. axb4 Qxb4 26. Nd1 d5 27. c3 Qa4 28. Rg3 dxe4 29. Ne3 Qc6 30. Bc4 Rad8 31. h4 Bf6 32. Qh5 Re7 33. Qxh6 Red7 34. b3 Kf8 35. Qh7 Rd2 36. Qh5 Qc7 37. Ng4 e3 38. Nxe3 e4 39. Ng4 Qxg3 40. Qxf7# 1-0

[Event "Mauricie op"]
[Site "Trois-Rivieres CAN"]
[Date "2004.03.20"]
[Round "3"]
[White "Lacombe, Simon"]
[Black "Lawson, Eric"]
[Result "1/2-1/2"]
[WhiteElo "2072"]
[BlackElo "2500"]
[PlyCount "64"]
[GameId "2160767911183575"]
[EventDate "2004.03.19"]
[EventType "swiss"]
[EventRounds "5"]
[EventCountry "CAN"]
[SourceTitle "EXT 2005"]
[Source "ChessBase"]
[SourceDate "2004.11.15"]
[SourceVersion "1"]
[SourceVersionDate "2004.11.15"]
[SourceQuality "1"]

1. d4 Nf6 2. Nf3 e6 3. e3 b6 4. Nbd2 Bb7 5. Bd3 d6 6. e4 Be7 7. Qe2 c5 8. dxc5 bxc5 9. e5 dxe5 10. Nxe5 O-O 11. O-O Nc6 12. Nxc6 Bxc6 13. Ne4 Nxe4 14. Bxe4 Bxe4 15. Qxe4 Qd4 16. Qe2 Rfd8 17. Re1 c4 18. Rb1 a5 19. Be3 Qe4 20. Red1 Bc5 21. Rxd8+ Rxd8 22. Rd1 Rd5 23. Kf1 Bxe3 24. Rxd5 Qxd5 25. fxe3 Kf8 26. e4 Qd4 27. c3 Qc5 28. Qf2 Qg5 29. Qe2 Qc1+ 30. Kf2 Qf4+ 31. Kg1 Qc1+ 32. Kf2 Qf4+ 1/2-1/2

[Event "Mauricie op"]
[Site "Trois-Rivieres CAN"]
[Date "2004.03.20"]
[Round "3"]
[White "Pilotte, Benoit"]
[Black "Vergara, Pablo"]
[Result "1/2-1/2"]
[WhiteElo "1737"]
[BlackElo "1612"]
[PlyCount "121"]
[GameId "2160767911183577"]
[EventDate "2004.03.19"]
[EventType "swiss"]
[EventRounds "5"]
[EventCountry "CAN"]
[SourceTitle "EXT 2006"]
[Source "ChessBase"]
[SourceDate "2005.11.24"]
[SourceVersion "1"]
[SourceVersionDate "2005.11.24"]
[SourceQuality "1"]

1. e4 c5 2. Nc3 Nc6 3. f4 d6 4. Nf3 g6 5. g3 Bg7 6. Bg2 Nf6 7. O-O O-O 8. d3 Bg4 9. Ne2 Qd7 10. c3 Bh3 11. Bd2 Bxg2 12. Kxg2 Rac8 13. Qc2 Nh5 14. Be3 b5 15. d4 cxd4 16. Nfxd4 Nxd4 17. Nxd4 Nf6 18. Qd3 a6 19. f5 Ng4 20. fxg6 Nxe3+ 21. Qxe3 hxg6 22. Rad1 Rc5 23. Qf3 Re5 24. Nc2 Qb7 25. Rd5 f5 26. Rxe5 Bxe5 27. exf5 Qxf3+ 28. Rxf3 gxf5 29. Nb4 e6 30. Nxa6 Kf7 31. Nc7 b4 32. cxb4 Bxb2 33. Nb5 Ke7 34. Rf2 Bg7 35. Rc2 Be5 36. Rc7+ Kf6 37. Kf3 Rh8 38. Kg2 Rg8 39. Rd7 d5 40. Kf3 Rh8 41. Kg2 Rg8 42. a4 Rg4 43. a5 Rxb4 44. Rb7 Ra4 45. Ra7 Kg5 46. a6 Kh6 47. Ra8 Ra5 48. a7 Rxb5 49. Rh8+ Bxh8 50. a8=Q Rb2+ 51. Kh3 Bf6 52. Qa6 Kg6 53. Qxe6 d4 54. Qa6 Rb3 55. Qa2 Re3 56. Qd2 f4 57. Kg4 fxg3 58. hxg3 Re4+ 59. Kf3 Re3+ 60. Qxe3 dxe3 61. Kxe3 1/2-1/2

[Event "Mauricie op"]
[Site "Trois-Rivieres CAN"]
[Date "2004.03.20"]
[Round "3"]
[White "Robineau, Denis"]
[Black "Lopez, Jose"]
[Result "1/2-1/2"]
[WhiteElo "1617"]
[BlackElo "1729"]
[PlyCount "64"]
[GameId "2160767911183578"]
[EventDate "2004.03.19"]
[EventType "swiss"]
[EventRounds "5"]
[EventCountry "CAN"]
[SourceTitle "EXT 2005"]
[Source "ChessBase"]
[SourceDate "2004.11.15"]
[SourceVersion "1"]
[SourceVersionDate "2004.11.15"]
[SourceQuality "1"]

1. d4 d5 2. Nf3 Nf6 3. e3 e6 4. Bd3 c5 5. c3 Nc6 6. Nbd2 Bd6 7. O-O O-O 8. Qe2 Re8 9. dxc5 Bxc5 10. e4 e5 11. exd5 Nxd5 12. Ne4 Nf4 13. Bxf4 exf4 14. Qc2 Be7 15. Rad1 Qa5 16. a4 Bg4 17. Be2 Qf5 18. Nd4 Nxd4 19. Bxg4 Qxg4 20. Rxd4 Qg6 21. Qd3 Bd8 22. Nd6 Qxd3 23. Rxd3 Re7 24. Rfd1 Bb6 25. Kf1 g6 26. b4 a5 27. b5 Bc5 28. Rd5 b6 29. Nc4 Re4 30. Nb2 Ba3 31. f3 Re6 32. Nc4 Bc5 1/2-1/2

[Event "Mauricie op"]
[Site "Trois-Rivieres CAN"]
[Date "2004.03.20"]
[Round "3"]
[White "Schleifer, Michael"]
[Black "Cazelais, Marc"]
[Result "1/2-1/2"]
[WhiteElo "2343"]
[BlackElo "2119"]
[PlyCount "21"]
[GameId "2160767911183580"]
[EventDate "2004.03.19"]
[EventType "swiss"]
[EventRounds "5"]
[EventCountry "CAN"]
[SourceTitle "EXT 2005"]
[Source "ChessBase"]
[SourceDate "2004.11.15"]
[SourceVersion "1"]
[SourceVersionDate "2004.11.15"]
[SourceQuality "1"]

1. e4 c5 2. Nf3 Nc6 3. Bb5 g6 4. O-O Bg7 5. Re1 Nf6 6. c3 O-O 7. e5 Nd5 8. d4 cxd4 9. cxd4 d6 10. h3 Bf5 11. Nc3 1/2-1/2

[Event "Mauricie op"]
[Site "Trois-Rivieres CAN"]
[Date "2004.03.21"]
[Round "4"]
[White "Gilbert, Erick"]
[Black "Bolduc, Steve"]
[Result "1/2-1/2"]
[WhiteElo "1955"]
[BlackElo "2353"]
[PlyCount "34"]
[GameId "2160767911183582"]
[EventDate "2004.03.19"]
[EventType "swiss"]
[EventRounds "5"]
[EventCountry "CAN"]

1. d4 f5 2. Nf3 Nf6 3. Bg5 Ne4 4. Bf4 d6 5. e3 g6 6. Bd3 Nd7 7. Nbd2 Nxd2 8. Qxd2 Bg7 9. Ng5 Nb6 10. Nf3 O-O 11. h4 Qe8 12. Qc3 Bd7 13. Bc4+ e6 14. Qd3 h6 15. O-O-O Kh8 16. Qe2 e5 17. Bh2 Rc8 1/2-1/2

[Event "Mauricie op"]
[Site "Trois-Rivieres CAN"]
[Date "2004.03.21"]
[Round "4"]
[White "Lopez, Jose"]
[Black "Rozybakiyev, Rasul"]
[Result "1-0"]
[WhiteElo "1729"]
[BlackElo "1661"]
[PlyCount "71"]
[GameId "2160767911183585"]
[EventDate "2004.03.19"]
[EventType "swiss"]
[EventRounds "5"]
[EventCountry "CAN"]
[SourceTitle "EXT 2005"]
[Source "ChessBase"]
[SourceDate "2004.11.15"]
[SourceVersion "1"]
[SourceVersionDate "2004.11.15"]
[SourceQuality "1"]

1. e4 c5 2. Nf3 Nc6 3. d4 cxd4 4. Nxd4 e5 5. Nb5 d6 6. N1c3 a6 7. Na3 b5 8. Nd5 Nce7 9. Bg5 h6 10. Bxe7 Bxe7 11. c4 Nf6 12. Nxf6+ Bxf6 13. cxb5 Bg5 14. Nb1 O-O 15. Nc3 f5 16. Qd5+ Kh8 17. Qxa8 fxe4 18. Qxe4 Bf5 19. Qd5 Qb6 20. Be2 Be6 21. Qxe6 Qxf2+ 22. Kd1 Qxg2 23. Qd5 Qh3 24. bxa6 Qc8 25. a7 Be3 26. a8=Q Qxa8 27. Qxa8 Rxa8 28. Rf1 Rd8 29. Bc4 Bf4 30. h3 g5 31. Nd5 Rc8 32. b3 Kg7 33. a4 Rf8 34. a5 e4 35. Ra2 Re8 36. Nxf4 1-0

[Event "Mauricie op"]
[Site "Trois-Rivieres CAN"]
[Date "2004.03.21"]
[Round "4"]
[White "Rondeau, Samuel"]
[Black "Duclos, Alain"]
[Result "0-1"]
[WhiteElo "1799"]
[BlackElo "1755"]
[PlyCount "80"]
[GameId "2160767911183586"]
[EventDate "2004.03.19"]
[EventType "swiss"]
[EventRounds "5"]
[EventCountry "CAN"]
[SourceTitle "EXT 2005"]
[Source "ChessBase"]
[SourceDate "2004.11.15"]
[SourceVersion "1"]
[SourceVersionDate "2004.11.15"]
[SourceQuality "1"]

1. c4 Nf6 2. Nc3 g6 3. g3 Bg7 4. Bg2 O-O 5. e3 d6 6. Nge2 e5 7. O-O c6 8. Qb3 a5 9. d3 Na6 10. Bd2 Nc5 11. Qc2 Bf5 12. e4 Bd7 13. f4 Ne6 14. Kh1 Qb6 15. Na4 Qa7 16. fxe5 dxe5 17. c5 Nd4 18. Nxd4 exd4 19. Nb6 Be6 20. Nxa8 Rxa8 21. Bf4 Nd7 22. Bd6 Ne5 23. h3 Qa6 24. Rad1 a4 25. b3 Qb5 26. bxa4 Rxa4 27. Rb1 Qa6 28. Qb2 Bc8 29. Bxe5 Bxe5 30. Qb3 Be6 31. Qxb7 Qxd3 32. Rb3 Qd2 33. Qxc6 Rxa2 34. Qe8+ Kg7 35. Rxf7+ Bxf7 36. Qxe5+ Kh6 37. Qf4+ Qxf4 38. gxf4 Bxb3 39. c6 d3 40. Bf3 d2 0-1

[Event "Mauricie op"]
[Site "Trois-Rivieres CAN"]
[Date "2004.03.21"]
[Round "4"]
[White "Sicotte, Marc"]
[Black "Pilotte, Benoit"]
[Result "1-0"]
[WhiteElo "1691"]
[BlackElo "1737"]
[PlyCount "105"]
[GameId "2160767911183587"]
[EventDate "2004.03.19"]
[EventType "swiss"]
[EventRounds "5"]
[EventCountry "CAN"]
[SourceTitle "EXT 2006"]
[Source "ChessBase"]
[SourceDate "2005.11.24"]
[SourceVersion "1"]
[SourceVersionDate "2005.11.24"]
[SourceQuality "1"]

1. e4 d6 2. d4 Nf6 3. Nc3 g6 4. Nf3 Bg7 5. Bc4 Nc6 6. h3 Nxe4 7. Bxf7+ Kxf7 8. Nxe4 Rf8 9. c3 h6 10. Be3 d5 11. Ng3 Qd6 12. Qd2 Na5 13. Bxh6 Nc4 14. Qf4+ Qxf4 15. Bxf4 Nxb2 16. Bxc7 Nc4 17. O-O Bh6 18. Ne5+ Nxe5 19. Bxe5 Bd2 20. Ne2 Bf5 21. Rfd1 Bh6 22. f4 Rac8 23. Kf2 Bd7 24. Rab1 b6 25. g4 Ba4 26. Rd2 Bg7 27. Bxg7 Kxg7 28. Kg3 Rc6 29. Rb4 b5 30. Rb1 Re6 31. Kf3 Rh8 32. Rh1 a5 33. Rb2 Rc6 34. Ke3 g5 35. fxg5 Re6+ 36. Kd2 Rf8 37. Ng3 b4 38. Nf5+ Kg6 39. cxb4 Rb8 40. Re1 Rxe1 41. Kxe1 Kxg5 42. Nxe7 Re8 43. Re2 axb4 44. Nxd5 b3 45. axb3 Rxe2+ 46. Kxe2 Bxb3 47. Ne3 Kh4 48. Kf3 Kxh3 49. d5 Ba4 50. Kf4 Bd7 51. Nf5 Be8 52. g5 Kg2 53. Ne7 1-0

[Event "Mauricie op"]
[Site "Trois-Rivieres CAN"]
[Date "2004.03.21"]
[Round "5"]
[White "Bolduc, Steve"]
[Black "Robichaud, Louis"]
[Result "1/2-1/2"]
[WhiteElo "2353"]
[BlackElo "2031"]
[PlyCount "103"]
[GameId "2160767911183588"]
[EventDate "2004.03.19"]
[EventType "swiss"]
[EventRounds "5"]
[EventCountry "CAN"]

1. d4 Nf6 2. c4 g6 3. Nc3 Bg7 4. e4 d6 5. Nf3 O-O 6. Be2 e5 7. O-O Nc6 8. d5 Ne7 9. b4 Ne8 10. a4 f5 11. Ba3 Nf6 12. Bd3 Bh6 13. c5 Kh8 14. cxd6 cxd6 15. b5 fxe4 16. Nxe4 Nxe4 17. Bxe4 Bf5 18. Re1 Bxe4 19. Rxe4 Nf5 20. Ra2 Bg7 21. Rc2 a6 22. Qb1 axb5 23. Qxb5 Ra5 24. Qxb7 Qa8 25. Qxa8 Rfxa8 26. Rec4 Rxa4 27. Rxa4 Rxa4 28. Rc8+ Bf8 29. Bc1 Kg7 30. h3 h5 31. Ng5 Be7 32. Rc7 Kg8 33. Rc8+ Kg7 34. Ne6+ Kf7 35. Rc7 h4 36. Bg5 Ra5 37. Bxe7 Nxe7 38. Ng5+ Ke8 39. Nf3 Nf5 40. Rh7 Rxd5 41. Nxh4 Nxh4 42. Rxh4 Rd1+ 43. Kh2 Kf7 44. Ra4 d5 45. Ra6 d4 46. f3 Rc1 47. Kg3 Rc7 48. Kf2 Rc2+ 49. Kf1 Rc1+ 50. Ke2 Rc2+ 51. Kf1 Rc1+ 52. Ke2 1/2-1/2

[Event "Mauricie op"]
[Site "Trois-Rivieres CAN"]
[Date "2004.03.21"]
[Round "5"]
[White "Cloutier, Mario"]
[Black "Fortier, Marc-Andre"]
[Result "0-1"]
[WhiteElo "1988"]
[BlackElo "2204"]
[PlyCount "65"]
[GameId "2160767911183589"]
[EventDate "2004.03.19"]
[EventType "swiss"]
[EventRounds "5"]
[EventCountry "CAN"]
[SourceTitle "EXT 2005"]
[Source "ChessBase"]
[SourceDate "2004.11.15"]
[SourceVersion "1"]
[SourceVersionDate "2004.11.15"]
[SourceQuality "1"]

1. e4 c5 2. c3 e6 3. d4 d5 4. exd5 exd5 5. Be3 cxd4 6. Bxd4 Nc6 7. Be3 Be6 8. Nf3 Nf6 9. h3 Bd6 10. Nbd2 O-O 11. Be2 h6 12. Nb3 Ne4 13. Nfd4 Qe7 14. O-O Rad8 15. Bf3 Bc8 16. Ne2 Ne5 17. Nf4 g5 18. Nh5 Nxf3+ 19. Qxf3 f5 20. Bd4 g4 21. Qe2 Qg5 22. f3 Qxh5 23. fxe4 Bh2+ 24. Kh1 f4 25. Nd2 Bg3 26. Kg1 f3 27. gxf3 gxf3 28. Rxf3 Rxf3 29. Nxf3 Rf8 30. Rf1 Bxh3 31. Rf2 Bxf2+ 32. Kxf2 Qh4+ 33. Ke3 0-1

[Event "Mauricie op"]
[Site "Trois-Rivieres CAN"]
[Date "2004.03.21"]
[Round "5"]
[White "Delisle, Louis-Martin"]
[Black "Lopez, Jose"]
[Result "1/2-1/2"]
[WhiteElo "1704"]
[BlackElo "1729"]
[PlyCount "102"]
[GameId "2160767911183590"]
[EventDate "2004.03.19"]
[EventType "swiss"]
[EventRounds "5"]
[EventCountry "CAN"]
[SourceTitle "EXT 2005"]
[Source "ChessBase"]
[SourceDate "2004.11.15"]
[SourceVersion "1"]
[SourceVersionDate "2004.11.15"]
[SourceQuality "1"]

1. d4 d5 2. Bg5 Nd7 3. Nf3 Ngf6 4. Nc3 c6 5. e3 e6 6. Bd3 Be7 7. O-O O-O 8. Re1 c5 9. e4 cxd4 10. Nxd4 dxe4 11. Nxe4 Qb6 12. Nxf6+ Bxf6 13. Bxf6 Nxf6 14. b3 Bd7 15. Re3 g6 16. Ne2 Bc6 17. h3 Rad8 18. Qc1 Rd6 19. Qb2 Nh5 20. g4 Ng7 21. Qf6 Rfd8 22. Ng3 Qd4 23. Qxd4 Rxd4 24. Rae1 Ne8 25. Be4 Bxe4 26. Nxe4 h6 27. R1e2 Nc7 28. c4 b6 29. Kg2 Kg7 30. Rc2 Na6 31. a3 Kf8 32. b4 Ke7 33. Kf3 Kd7 34. Rec3 Kc7 35. Ke3 f5 36. gxf5 exf5 37. Nf6 Rd1 38. Nd5+ Kb7 39. Kf4 Re8 40. Re3 Rd4+ 41. Kf3 Rxe3+ 42. fxe3 Re4 43. c5 bxc5 44. b5 Nc7 45. Nxc7 Kxc7 46. Rxc5+ Kb6 47. Rc6+ Kxb5 48. Rxg6 Rh4 49. Kg3 Rh5 50. Rf6 a5 51. Rd6 Rg5+ 1/2-1/2

[Event "Mauricie op"]
[Site "Trois-Rivieres CAN"]
[Date "2004.03.21"]
[Round "5"]
[White "Duclos, Alain"]
[Black "Lemieux, Richard"]
[Result "1-0"]
[WhiteElo "1755"]
[BlackElo "1752"]
[PlyCount "49"]
[GameId "2160767911183591"]
[EventDate "2004.03.19"]
[EventType "swiss"]
[EventRounds "5"]
[EventCountry "CAN"]
[SourceTitle "EXT 2005"]
[Source "ChessBase"]
[SourceDate "2004.11.15"]
[SourceVersion "1"]
[SourceVersionDate "2004.11.15"]
[SourceQuality "1"]

1. e4 d6 2. d4 Nf6 3. Nc3 c6 4. Be3 Qa5 5. Qd2 e5 6. Bd3 Ng4 7. Nf3 Nxe3 8. Qxe3 g6 9. O-O Bg7 10. dxe5 dxe5 11. Bc4 O-O 12. Rad1 Nd7 13. Bb3 Nc5 14. Rd6 Nxb3 15. axb3 Be6 16. Rfd1 Bf6 17. Ng5 Rad8 18. Nxe6 Rxd6 19. Rxd6 fxe6 20. Qd2 Be7 21. Rd7 Bc5 22. Qh6 Bxf2+ 23. Kh1 Rf7 24. Rd1 Qa6 25. Rd8+ 1-0

[Event "Mauricie op"]
[Site "Trois-Rivieres CAN"]
[Date "2004.03.21"]
[Round "5"]
[White "Forget, Luc"]
[Black "Deschesnes, Jean"]
[Result "1-0"]
[WhiteElo "1803"]
[BlackElo "1748"]
[PlyCount "81"]
[GameId "2160767911183592"]
[EventDate "2004.03.19"]
[EventType "swiss"]
[EventRounds "5"]
[EventCountry "CAN"]
[SourceTitle "EXT 2005"]
[Source "ChessBase"]
[SourceDate "2004.11.15"]
[SourceVersion "1"]
[SourceVersionDate "2004.11.15"]
[SourceQuality "1"]

1. d4 d5 2. c4 c6 3. Nf3 Nf6 4. g3 g6 5. Bg2 Bg7 6. O-O O-O 7. Nc3 dxc4 8. Ne5 Nbd7 9. Nxc4 Nb6 10. Ne5 Be6 11. e4 Qc8 12. Re1 Rd8 13. Bg5 h6 14. Be3 Nfd7 15. Qc1 Nxe5 16. dxe5 Kh7 17. a4 Nc4 18. f4 Nxe3 19. Qxe3 Qc7 20. a5 Bc4 21. Bf1 Bxf1 22. Kxf1 a6 23. Kg2 e6 24. Na4 Qxa5 25. Nb6 Qd2+ 26. Kf3 Rd3 27. Nxa8 Rxe3+ 28. Rxe3 Qxb2 29. Rd1 Bf8 30. Rd7 Kg7 31. Nc7 Qa2 32. Ne8+ Kg8 33. Nf6+ Kg7 34. Ne8+ Kg8 35. Red3 Qxh2 36. Nf6+ Kg7 37. Rd8 Qh1+ 38. Kg4 h5+ 39. Kg5 Qh2 40. Rxf8 Kxf8 41. Rd8+ 1-0

[Event "Mauricie op"]
[Site "Trois-Rivieres CAN"]
[Date "2004.03.21"]
[Round "5"]
[White "Lacombe, Simon"]
[Black "Gulko, Andrei"]
[Result "1-0"]
[WhiteElo "2047"]
[BlackElo "2128"]
[PlyCount "41"]
[GameId "2160767911183593"]
[EventDate "2004.03.19"]
[EventType "swiss"]
[EventRounds "5"]
[EventCountry "CAN"]
[SourceTitle "EXT 2005"]
[Source "ChessBase"]
[SourceDate "2004.11.15"]
[SourceVersion "1"]
[SourceVersionDate "2004.11.15"]
[SourceQuality "1"]

1. Nc3 e5 2. e4 Nc6 3. f4 exf4 4. Nf3 Nf6 5. Bc4 Na5 6. Be2 Bb4 7. e5 Bxc3 8. dxc3 Ng8 9. Bxf4 Nc6 10. Qd2 Nge7 11. O-O-O O-O 12. Bd3 Ng6 13. h4 Qe7 14. h5 Ngxe5 15. Nxe5 Nxe5 16. Bxe5 Qxe5 17. Rde1 Qa5 18. Qf4 h6 19. Re5 Qb6 20. Rf1 d5 21. Qxf7+ 1-0

[Event "Mauricie op"]
[Site "Trois-Rivieres CAN"]
[Date "2004.03.21"]
[Round "5"]
[White "Pilotte, Benoit"]
[Black "Bisson, Real"]
[Result "1-0"]
[WhiteElo "1737"]
[BlackElo "1623"]
[PlyCount "69"]
[GameId "2160767911183594"]
[EventDate "2004.03.19"]
[EventType "swiss"]
[EventRounds "5"]
[EventCountry "CAN"]
[SourceTitle "EXT 2006"]
[Source "ChessBase"]
[SourceDate "2005.11.24"]
[SourceVersion "1"]
[SourceVersionDate "2005.11.24"]
[SourceQuality "1"]

1. d4 Nf6 2. Nf3 g6 3. g3 Bg7 4. Bg2 d6 5. Nc3 O-O 6. Bg5 h6 7. Bf4 Nh5 8. Be3 Nd7 9. Qd2 Kh7 10. g4 Nhf6 11. g5 Ng4 12. gxh6 Nxe3 13. Ng5+ Kg8 14. h7+ Kh8 15. Qxe3 Nf6 16. h4 Ng4 17. Qd3 e5 18. d5 f5 19. f3 Nf6 20. e4 Nh5 21. Ne2 Qe7 22. O-O-O Bh6 23. Kb1 Bxg5 24. hxg5 Qxg5 25. Rdg1 fxe4 26. fxe4 Bg4 27. Bh3 Bxe2 28. Qxe2 Nf4 29. Rxg5 Nxe2 30. Rxg6 Nf4 31. Rg3 Rf7 32. Bf5 Ne2 33. Rg8+ Rxg8 34. hxg8=Q+ Kxg8 35. Be6 1-0

[Event "Mike Shpan mem."]
[Site "Winnipeg CAN"]
[Date "2004.11.02"]
[Round "1"]
[White "Cheyne, Andrew"]
[Black "Herkert, Dean"]
[Result "0-1"]
[WhiteElo "1158"]
[BlackElo "1755"]
[PlyCount "90"]
[GameId "2160767911060876"]
[EventDate "2004.11.02"]
[EventType "swiss"]
[EventRounds "6"]
[EventCountry "CAN"]
[SourceTitle "EXT 2009"]
[Source "ChessBase"]
[SourceDate "2008.11.26"]
[SourceVersion "1"]
[SourceVersionDate "2008.11.26"]
[SourceQuality "1"]

1. e4 Nf6 2. Nc3 d5 3. exd5 Nxd5 4. Nf3 Bg4 5. Bc4 e6 6. a3 Be7 7. d4 O-O 8. Nxd5 exd5 9. Bd3 c5 10. Be3 Nc6 11. c3 Re8 12. O-O cxd4 13. cxd4 Bf6 14. Qc2 h6 15. Nd2 Rc8 16. Qa4 Qb6 17. Nb3 Bd7 18. Bb5 a6 19. Bxc6 Bxc6 20. Qb4 Qxb4 21. axb4 Bb5 22. Rfc1 b6 23. Nd2 Be7 24. Nf3 Bxb4 25. Ne5 f6 26. Ng6 a5 27. Rxc8 Rxc8 28. Bd2 Kh7 29. Bxb4 Kxg6 30. Bd2 Rc2 31. Bc3 Kf5 32. g3 Bc4 33. Ra3 Kg4 34. Kg2 g5 35. b4 a4 36. h3+ Kf5 37. Kf3 Bb3 38. Ba1 Rc4 39. b5 Rb4 40. g4+ Kg6 41. Kg3 Rxd4 42. h4 Rb4 43. h5+ Kf7 44. f4 Rc4 45. fxg5 fxg5 0-1

[Event "Mike Shpan mem."]
[Site "Winnipeg CAN"]
[Date "2004.11.02"]
[Round "1"]
[White "Gibson, Fred"]
[Black "Essery, Richard"]
[Result "0-1"]
[WhiteElo "1177"]
[BlackElo "1721"]
[PlyCount "54"]
[GameId "2160767911060877"]
[EventDate "2004.11.02"]
[EventType "swiss"]
[EventRounds "6"]
[EventCountry "CAN"]
[SourceTitle "EXT 2009"]
[Source "ChessBase"]
[SourceDate "2008.11.26"]
[SourceVersion "1"]
[SourceVersionDate "2008.11.26"]
[SourceQuality "1"]

1. d4 Nf6 2. c4 c5 3. d5 b5 4. b3 d6 5. Bb2 g6 6. Nd2 Ba6 7. e3 Qb6 8. Ngf3 Bg7 9. Rb1 O-O 10. Bd3 b4 11. Qc2 Bc8 12. O-O a5 13. Nh4 Qd8 14. Ndf3 e6 15. Bxg6 fxg6 16. Nxg6 hxg6 17. Qxg6 Qe8 18. Qxe8 Rxe8 19. dxe6 Bxe6 20. Rbd1 d5 21. Ng5 dxc4 22. bxc4 Bxc4 23. Rfe1 Bxa2 24. Rd6 Ne4 25. Nxe4 Rxe4 26. f3 Re8 27. Kf2 Bxb2 0-1

[Event "Mike Shpan mem."]
[Site "Winnipeg CAN"]
[Date "2004.11.02"]
[Round "1"]
[White "Greenberg, Harley"]
[Black "Rumpel, Chris"]
[Result "1-0"]
[WhiteElo "1747"]
[BlackElo "1559"]
[PlyCount "65"]
[GameId "2160767911060878"]
[EventDate "2004.11.02"]
[EventType "swiss"]
[EventRounds "6"]
[EventCountry "CAN"]
[SourceTitle "EXT 2009"]
[Source "ChessBase"]
[SourceDate "2008.11.26"]
[SourceVersion "1"]
[SourceVersionDate "2008.11.26"]
[SourceQuality "1"]

1. e4 e6 2. Qe2 d5 3. exd5 Qxd5 4. Nc3 Qa5 5. Nf3 c5 6. d4 a6 7. g3 cxd4 8. Nxd4 Nf6 9. Bg2 Be7 10. Bd2 Qc7 11. O-O O-O 12. Rae1 Bd7 13. Bf4 Bd6 14. Bg5 e5 15. Bxf6 gxf6 16. Nd5 Qd8 17. Qf3 exd4 18. Nxf6+ Kh8 19. Re4 Be7 20. Nxh7 Kxh7 21. Rfe1 Be6 22. Qd3 Kg8 23. Rxd4 Qa5 24. Rxe6 fxe6 25. Qg6+ Kh8 26. Qh6+ Kg8 27. Rg4+ Bg5 28. Qg6+ Kh8 29. Qh5+ Kg7 30. Rxg5+ Qxg5 31. Qxg5+ Kf7 32. Bf3 Ke8 33. Bh5+ 1-0